000 00536nam a2200181Ia 4500
003 GCL
008 140319s9999 xx 000 0 ara d
040 _aGCL /
_cGCL
082 0 4 _a810.9
_bم ن
100 1 _aمحمد مندور
245 1 0 _aالنقد المنهجى عند العرب /
_cمحمد مندور
260 _aالقاهرة :
_bدار نهضة مصر للطبع والنشر
300 _a342 ص ؛
_c23 سم
490 _a
650 0 4 _aالادب العربى
650 0 4 _aتاريخ ونقد
942 _2ddc
_cBK
999 _c40505
_d40505